000 03530nab a2200265 i 4500
003 BR-BrBNA
005 20250929131408.0
008 250929b2022 bl.ar|pooa||| 00| 0 eng |
040 _aBR-BrBNA
_beng
072 _aF50
100 _aJudkevich, Marina Daniela
100 _aSalas, Roberto Manuel
100 _aGonzalez, Ana María
245 _aAnatomy of the floral nectaries of selected species of Gardenieae (Rubiaceae)
500 _aPublicação on-line; Bibliography p. 13-15 (54 ref.); 2 tables; 7 illus.; Summaries (En, Pt)
520 _a Abstract Rubiaceae is one of the five most species-rich families of Angiosperm, its flowers are characterized by a nectariferous disc surrounding the base of the style; however, there are almost no studies on anatomy of these structures in the family. The aim of this study was to describe for the first time the anatomy of the floral nectaries in the tribe Gardenieae (Rubiaceae). Flowers from Cordiera concolor, Genipa americana, Randia calycina, Randia ferox, Randia heteromera, Randia micracantha, and Tocoyena formosa were collected, photographed, and processed using conventional techniques for observation with optical and scanning electron microscopies. In all species the nectary is differentiated histologically into epidermis, nectary and sub-nectary parenchyma, and vascular bundles. Nectar is exuded via nectarostomata. The nectaries have reproductive function, and are structural and mesenchymal during the floral stage. Whereas after corolla has fallen they are persistent nectaries, with post-floral secretion and extranuptial function. In addition, floral visitors that appeared on open flowers and after corolla fall were recorded. Key words: floral structure, nectaries, post-floral secretion, Rubiaceae. Resumo Rubiaceae é uma das cinco famílias mais ricas em espécies de Angiospermas, suas flores são caracterizadas por um disco nectarífero ao redor do estilete. No entanto, quase não há estudos sobre a anatomia destas estruturas na família. O objetivo deste trabalho foi descrever pela primeira vez a anatomia dos nectários na tribo Gardenieae (Rubiaceae). Flores de Cordiera concolor, Genipa americana, Randia calycina, Randia ferox, Randia heteromera, Randia micracantha e Tocoyena formosa foram coletadas, fotografadas e fixadas. Os nectários foram processados utilizando técnicas convencionais de observação em microscopia óptica e microscopia eletrônica de varredura. Em todas as flores o nectário é histologicamente diferenciado em epiderme, parênquima nectarífero, parênquima subnectarífero e traços vasculares. O néctar é exsudado através de estômatos. Os nectários tem função reprodutiva e são estruturados e mesenquimais na fase floral. Após a queda da corola são nectários persistentes com secreção pós-floral e função extranupcial. Também foram registados os visitantes florais que apareceram em flores abertas e após a queda da corola. Palavras-chave: estrutura floral, nectarios, secreção pós-floral, Rubiaceae.
650 _aESTRUTURA VEGETAL
650 _aSECREÇÃO
650 _aFLOR
650 _aRUBIACEAE
773 0 _0709
_9357916
_dRio de Janeiro-RJ Jardim Botanico do Rio de Janeiro 1935
_o2025-5881
_tRodriguésia (Brazil)
_x0370-6583; 2175-7860 on-line
_gv. 73 p. 1-15; (2022)
_wBR2025002606
856 _uhttps://www.scielo.br/j/rod/a/jRkFfsdK4wmcfwPmDyQBwtb/?format=pdf&lang=en
942 _cANA
999 _c338446
_d338446